250 bài tập kỹ thuật điện tử
Sách bao gồm các bài tập liên quan đến linh kiện điện tử như điốt chỉnh lưu, điốt ổn áp, điốt điều khiển, transistor lưỡng cực, J-FET và MOS-FET, mạch khuyếch đại tín hiệu lớn nhỏ, mạch dao động và mạch chuyển đổi AD/DA...
Đã lưu trong:
| Príomhúdar: | |
|---|---|
| Formáid: | Leabhar |
| Teanga: | Undetermined |
| Foilsithe: |
Hà Nội
Giáo dục
2006
|
| Ábhair: | |
| Clibeanna: |
Cuir Clib Leis
Gan Chlibeanna, Bí ar an gcéad duine leis an taifead seo a chlibeáil!
|
| Thư viện lưu trữ: | Trung tâm Học liệu Trường Đại học Cần Thơ |
|---|
| LEADER | 01011nam a2200229Ia 4500 | ||
|---|---|---|---|
| 001 | CTU_122275 | ||
| 008 | 210402s9999 xx 000 0 und d | ||
| 020 | |c 23500 | ||
| 082 | |a 621.381076 | ||
| 082 | |b Tr100 | ||
| 100 | |a Nguyễn, Thanh Trà | ||
| 245 | 0 | |a 250 bài tập kỹ thuật điện tử | |
| 245 | 0 | |c Nguyễn Thanh Trà, Thái Vĩnh Hiển | |
| 260 | |a Hà Nội | ||
| 260 | |b Giáo dục | ||
| 260 | |c 2006 | ||
| 520 | |a Sách bao gồm các bài tập liên quan đến linh kiện điện tử như điốt chỉnh lưu, điốt ổn áp, điốt điều khiển, transistor lưỡng cực, J-FET và MOS-FET, mạch khuyếch đại tín hiệu lớn nhỏ, mạch dao động và mạch chuyển đổi AD/DA | ||
| 650 | |a Electronics | ||
| 650 | |x Problems, exercises, etc,Kỹ thuật điện | ||
| 650 | |y Bài tập | ||
| 904 | |i M.Loan | ||
| 980 | |a Trung tâm Học liệu Trường Đại học Cần Thơ | ||